[Event "Sachsen-ch U16 Girls"]
[Site "Sebnitz"]
[Date "2007.04.14"]
[Round "7"]
[White "Gahn, Cornelia"]
[Black "Lorenz, Nicole"]
[Result "1/2-1/2"]
[WhiteElo "1596"]
[BlackElo "1740"]
[PlyCount "28"]
[EventDate "2007.04.10"]
[EventType "swiss"]
[EventRounds "7"]
[EventCountry "GER"]
[SourceTitle "EXT 2008"]
[Source "ChessBase"]
[SourceDate "2007.11.25"]
[SourceVersion "1"]
[SourceVersionDate "2007.11.25"]
[SourceQuality "1"]

1. d4 Nf6 2. Nf3 e6 3. e3 c5 4. c3 Be7 5. Nbd2 0-0 6. Bd3 d5 7. 0-0 Nc6 8. Re1 b6 9. b3 Bb7 10. Bb2 Rc8 11. Rc1 cxd4 12. cxd4 Nb4 13. Bb1 Ba6 14. Ne5 Bb7 1/2-1/2

[Event "Sachsen-ch U16 Girls"]
[Site "Sebnitz"]
[Date "2006.04.18"]
[Round "2"]
[White "Gahn, Cornelia"]
[Black "Reh, Theresa"]
[Result "1/2-1/2"]
[WhiteElo "1556"]
[BlackElo "1840"]
[PlyCount "30"]
[EventDate "2006.04.18"]
[EventType "swiss"]
[EventRounds "7"]
[EventCountry "GER"]
[SourceTitle "EXT 2007"]
[Source "ChessBase"]
[SourceDate "2006.11.23"]
[SourceVersion "1"]
[SourceVersionDate "2006.11.23"]
[SourceQuality "1"]

1. d4 Nf6 2. c4 g6 3. Nc3 Bg7 4. e4 d6 5. Nge2 0-0 6. g3 e5 7. Bg2 Nc6 8. d5 Ne7 9. 0-0 a5 10. f3 Nd7 11. Be3 g5 12. Qd2 Kh8 13. a3 b6 14. b3 Ng8 15. Qc2 Ne7 1/2-1/2

[Event "Leipzig VfB op 13th"]
[Site "Leipzig"]
[Date "2006.03.19"]
[Round "9"]
[White "Gahn, Cornelia"]
[Black "Reiss, Rebekka"]
[Result "1/2-1/2"]
[WhiteElo "1470"]
[BlackElo "1650"]
[PlyCount "29"]
[EventDate "2006.03.14"]
[EventType "swiss"]
[EventRounds "9"]
[EventCountry "GER"]
[SourceTitle "EXT 2008"]
[Source "ChessBase"]
[SourceDate "2007.11.25"]
[SourceVersion "1"]
[SourceVersionDate "2007.11.25"]
[SourceQuality "1"]

1. d4 e6 2. Nf3 f5 3. e3 Nf6 4. Bd3 Be7 5. c3 0-0 6. 0-0 d6 7. Nbd2 Nc6 8. e4 Kh8 9. Re1 e5 10. dxe5 dxe5 11. Qc2 f4 12. Bb5 Bd6 13. Bxc6 bxc6 14. Nc4 Qe7 15. h3 1/2-1/2

[Event "Leipzig VfB op 13th"]
[Site "Leipzig"]
[Date "2006.03.14"]
[Round "1"]
[White "Gahn, Cornelia"]
[Black "Rohne, Lars"]
[Result "1/2-1/2"]
[WhiteElo "1470"]
[BlackElo "2033"]
[PlyCount "57"]
[EventDate "2006.03.14"]
[EventType "swiss"]
[EventRounds "9"]
[EventCountry "GER"]
[SourceTitle "EXT 2008"]
[Source "ChessBase"]
[SourceDate "2007.11.25"]
[SourceVersion "1"]
[SourceVersionDate "2007.11.25"]
[SourceQuality "1"]

1. d4 f5 2. Nf3 Nf6 3. e3 d6 4. Bd3 g6 5. c3 c6 6. Nbd2 Bg7 7. e4 fxe4 8. Nxe4 Nxe4 9. Bxe4 d5 10. Bc2 0-0 11. h3 Nd7 12. Be3 e5 13. dxe5 Nxe5 14. Nxe5 Bxe5 15. Qd2 b5 16. 0-0 Bc7 17. Bc5 Bd6 18. Bxd6 Qxd6 19. Rad1 Bd7 20. Rfe1 Rf7 21. Re2 Raf8 22. Qd4 a5 23. a4 bxa4 24. Qxa4 Qc7 25. Qd4 Bc8 26. Rdd2 Ba6 27. Bd3 Rf4 28. Qe3 Bxd3 29. Qxd3 1/2-1/2

[Event "GER-chT U20 Girls"]
[Site "Naunhof"]
[Date "2005.12.29"]
[Round "5.2"]
[White "Gahn, Cornelia"]
[Black "Reiske, Anne"]
[Result "1/2-1/2"]
[WhiteElo "1470"]
[BlackElo "1723"]
[PlyCount "69"]
[EventDate "2005.12.27"]
[EventType "team-swiss"]
[EventRounds "7"]
[EventCountry "GER"]
[SourceTitle "CBM 110 Extra"]
[Source "ChessBase"]
[SourceDate "2006.03.10"]
[SourceVersion "2"]
[SourceVersionDate "2006.03.10"]
[SourceQuality "1"]

1. e4 e5 2. d4 exd4 3. Qxd4 Nc6 4. Qe3 Qe7 5. Bd2 Nf6 6. Nc3 d6 7. 0-0-0 Bd7 8. h3 0-0-0 9. f4 Re8 10. Re1 g6 11. Bd3 Bg7 12. Nf3 h6 13. Qf2 Qd8 14. Re2 Re7 15. Rhe1 Rhe8 16. Nd5 Nxd5 17. exd5 Rxe2 18. Rxe2 Rxe2 19. Bxe2 Nb8 20. Qxa7 Qf6 21. c3 Qe7 22. Qe3 Qd8 23. Nd4 Bxd4 24. Qxd4 h5 25. Qg7 Be8 26. Bd3 Nd7 27. Be3 Nf6 28. c4 Qe7 29. Kd2 Ne4+ 30. Ke2 Ng3+ 31. Kf3 Nf5 32. Bxf5+ gxf5 33. Qd4 f6 34. Kf2 b6 35. Bd2 1/2-1/2

[Event "GER-chT U20 Girls"]
[Site "Naunhof"]
[Date "2005.12.27"]
[Round "1.2"]
[White "Gahn, Cornelia"]
[Black "Stemmler, Lysan"]
[Result "1/2-1/2"]
[WhiteElo "1470"]
[BlackElo "1774"]
[PlyCount "99"]
[EventDate "2005.12.27"]
[EventType "team-swiss"]
[EventRounds "7"]
[EventCountry "GER"]
[SourceTitle "CBM 110 Extra"]
[Source "ChessBase"]
[SourceDate "2006.03.10"]
[SourceVersion "2"]
[SourceVersionDate "2006.03.10"]
[SourceQuality "1"]

1. e4 d6 2. d4 Nf6 3. Nc3 g6 4. f4 Bg7 5. Bd3 0-0 6. e5 dxe5 7. dxe5 Nd5 8. Bd2 b6 9. Qe2 Bb7 10. Nf3 e6 11. 0-0 Qd7 12. a3 Rd8 13. Rad1 a5 14. Ne4 f5 15. Nf2 Qe8 16. c4 Ne7 17. Bc3 Na6 18. Nd4 Nc6 19. Bc2 Nxd4 20. Bxd4 Qc6 21. Nh3 Rd7 22. Ng5 Rad8 23. Nf3 Bh6 24. Be3 Rxd1 25. Rxd1 Rxd1+ 26. Bxd1 Nc5 27. Nd4 Qd7 28. Nb5 Ne4 29. Ba4 Bc6 30. Qd1 Kf7 31. Qxd7+ Bxd7 32. Bc2 Bxb5 33. cxb5 Nc5 34. g3 Nb7 35. Bd1 Bf8 36. Kf1 Bc5 37. Bxc5 Nxc5 38. Ke2 Ke7 39. Ke3 Nb7 40. Kd4 Nd8 41. Bf3 Nf7 42. Kc4 g5 43. a4 g4 44. Bh1 Nh8 45. b4 axb4 46. Kxb4 h5 47. a5 bxa5+ 48. Kxa5 Ng6 49. Ka6 h4 50. Kb7 1/2-1/2

[Event "GER-ch U25"]
[Site "Willingen"]
[Date "2005.05.19"]
[Round "8"]
[White "Gahn, Cornelia"]
[Black "Frey, Nicole"]
[Result "0-1"]
[WhiteElo "1342"]
[BlackElo "1694"]
[PlyCount "60"]
[EventDate "2005.05.14"]
[EventType "swiss"]
[EventRounds "9"]
[EventCountry "GER"]
[SourceTitle "CBM 106 Extra"]
[Source "ChessBase"]
[SourceDate "2005.07.01"]
[SourceVersion "1"]
[SourceVersionDate "2005.07.01"]
[SourceQuality "1"]

1. e4 e5 2. Nf3 Nf6 3. Nc3 Bb4 4. Qe2 Nc6 5. Nd5 Bc5 6. d3 h6 7. g3 d6 8. Nxf6+ Qxf6 9. Bg2 Bg4 10. c3 0-0-0 11. Be3 Qe6 12. Bxc5 dxc5 13. Qe3 f5 14. 0-0 Rhf8 15. Nd2 f4 16. Qxc5 Bh3 17. a4 Qg4 18. f3 Qd7 19. Nc4 Bxg2 20. Kxg2 Rfe8 21. Rfd1 g5 22. Qf2 h5 23. b4 g4 24. b5 Nb8 25. Qxa7 gxf3+ 26. Kxf3 Qg4+ 27. Kf2 fxg3+ 28. hxg3 Rf8+ 29. Ke1 Qxg3+ 30. Kd2 Qxd3+ 0-1

[Event "GER-ch U25"]
[Site "Willingen"]
[Date "2005.05.16"]
[Round "4"]
[White "Vintan, Cristina Mihaela"]
[Black "Gahn, Cornelia"]
[Result "1/2-1/2"]
[WhiteElo "1711"]
[BlackElo "1342"]
[PlyCount "54"]
[EventDate "2005.05.14"]
[EventType "swiss"]
[EventRounds "9"]
[EventCountry "GER"]
[SourceTitle "CBM 106 Extra"]
[Source "ChessBase"]
[SourceDate "2005.07.01"]
[SourceVersion "1"]
[SourceVersionDate "2005.07.01"]
[SourceQuality "1"]

1. e4 d5 2. exd5 Qxd5 3. Nc3 Qa5 4. Nf3 c6 5. d4 Bf5 6. Ne5 e6 7. Nc4 Qc7 8. a3 Nf6 9. Be2 Be7 10. Be3 Nbd7 11. Qd2 Nd5 12. Nxd5 cxd5 13. Bf4 Qc6 14. Ne3 Bg6 15. 0-0 0-0 16. c4 Nf6 17. cxd5 Nxd5 18. Bf3 Qd7 19. Nxd5 exd5 20. Rac1 Rac8 21. Rxc8 Rxc8 22. Qa5 Rc4 23. Be5 Be4 24. Bxe4 dxe4 25. Qxa7 f6 26. Bf4 Rxd4 27. Be3 Rd1 1/2-1/2

[Event "GER-ch U25"]
[Site "Willingen"]
[Date "2005.05.15"]
[Round "3"]
[White "Dorn, Matthias"]
[Black "Gahn, Cornelia"]
[Result "1-0"]
[WhiteElo "1728"]
[BlackElo "1342"]
[PlyCount "71"]
[EventDate "2005.05.14"]
[EventType "swiss"]
[EventRounds "9"]
[EventCountry "GER"]
[SourceTitle "CBM 106 Extra"]
[Source "ChessBase"]
[SourceDate "2005.07.01"]
[SourceVersion "1"]
[SourceVersionDate "2005.07.01"]
[SourceQuality "1"]

1. d4 d5 2. c4 e6 3. Nc3 Nf6 4. cxd5 exd5 5. Bg5 Be7 6. e3 Bf5 7. Qb3 b6 8. Bxf6 Bxf6 9. Qxd5 Qxd5 10. Nxd5 Bd8 11. Nc3 0-0 12. g3 Nd7 13. Bg2 Rb8 14. e4 Re8 15. Nge2 Bg6 16. 0-0 f6 17. Bh3 Nf8 18. f3 c6 19. Rac1 Bf7 20. Rfd1 Be6 21. Bxe6+ Nxe6 22. Na4 b5 23. Nc5 Nxc5 24. Rxc5 Rb6 25. Rdc1 Re6 26. Kf2 Be7 27. R5c2 Kf7 28. Ke3 g5 29. f4 f5 30. e5 h6 31. d5 cxd5 32. Nd4 Rg6 33. Nxf5 Bd8 34. Nd6+ Kf8 35. f5 Rg8 36. f6 1-0

[Event "GER-ch U25"]
[Site "Willingen"]
[Date "2005.05.15"]
[Round "2"]
[White "Gahn, Cornelia"]
[Black "Sadjadi, Bijan Viktor"]
[Result "1-0"]
[WhiteElo "1342"]
[BlackElo "750"]
[PlyCount "45"]
[EventDate "2005.05.14"]
[EventType "swiss"]
[EventRounds "9"]
[EventCountry "GER"]
[SourceTitle "CBM 106 Extra"]
[Source "ChessBase"]
[SourceDate "2005.07.01"]
[SourceVersion "1"]
[SourceVersionDate "2005.07.01"]
[SourceQuality "1"]

1. e4 e5 2. Nf3 Nc6 3. Nc3 Bc5 4. Bb5 Nf6 5. d3 0-0 6. Bxc6 dxc6 7. Nxe5 Qd4 8. Be3 Qxe5 9. d4 Bxd4 10. Bxd4 Qd6 11. e5 Qe6 12. 0-0 Nd5 13. Ne2 b6 14. b3 c5 15. Bb2 Bb7 16. c4 Nb4 17. a3 Qg4 18. Ng3 Qxd1 19. Rfxd1 Rad8 20. axb4 Rxd1+ 21. Rxd1 cxb4 22. Rd7 Rc8 23. e6 1-0

[Event "GER-ch U25"]
[Site "Willingen"]
[Date "2005.05.14"]
[Round "1"]
[White "Kesten, Sebastian"]
[Black "Gahn, Cornelia"]
[Result "1-0"]
[WhiteElo "1978"]
[BlackElo "1342"]
[PlyCount "77"]
[EventDate "2005.05.14"]
[EventType "swiss"]
[EventRounds "9"]
[EventCountry "GER"]
[SourceTitle "CBM 106 Extra"]
[Source "ChessBase"]
[SourceDate "2005.07.01"]
[SourceVersion "1"]
[SourceVersionDate "2005.07.01"]
[SourceQuality "1"]

1. d4 d5 2. c4 e6 3. Nc3 Nf6 4. Bg5 Be7 5. e3 0-0 6. cxd5 Nxd5 7. Bxe7 Qxe7 8. Nf3 Nd7 9. Qc2 N7b6 10. a3 c5 11. Nxd5 Nxd5 12. Qxc5 Qxc5 13. dxc5 a5 14. Bc4 Nf6 15. Rd1 a4 16. Bd3 Ra5 17. Rc1 Nd7 18. c6 Nc5 19. Be2 bxc6 20. Ne5 Nb3 21. Nxc6 Nxc1 22. Nxa5 Nxe2 23. Kxe2 Ba6+ 24. Kf3 Rc8 25. Rd1 g6 26. Rd4 Bb5 27. h4 Rc7 28. Rb4 Rc5 29. Kg3 Kg7 30. Nb7 Rd5 31. e4 Rd3+ 32. f3 Rb3 33. Rxb3 axb3 34. Nc5 Bc4 35. Kf4 Kf6 36. e5+ Ke7 37. Ke3 Kd8 38. Kd4 Bd5 39. Kc3 1-0

[Event "Leipzig VfB op 12th"]
[Site "Leipzig"]
[Date "2005.03.06"]
[Round "9"]
[White "Lamb, Ian"]
[Black "Gahn, Cornelia"]
[Result "0-1"]
[WhiteElo "1328"]
[BlackElo "1393"]
[PlyCount "68"]
[EventDate "2005.01.03"]
[EventType "swiss"]
[EventRounds "9"]
[EventCountry "GER"]
[SourceTitle "EXT 2008"]
[Source "ChessBase"]
[SourceDate "2007.11.25"]
[SourceVersion "1"]
[SourceVersionDate "2007.11.25"]
[SourceQuality "1"]

1. e4 d5 2. exd5 Qxd5 3. Nf3 c6 4. Nc3 Qa5 5. g3 Bf5 6. Bg2 Nf6 7. 0-0 e6 8. a3 Bd6 9. d3 Qc7 10. Bd2 Nbd7 11. Re1 0-0 12. Qe2 Rfe8 13. h4 e5 14. Nh2 Nc5 15. b4 Ne6 16. Qd1 Nd4 17. Bg5 Nd5 18. Ne2 Nxe2+ 19. Qxe2 Nc3 20. Qh5 g6 21. Qf3 e4 22. dxe4 Nxe4 23. Bh6 Be5 24. Bf4 Bxf4 25. Qxf4 Qxf4 26. gxf4 Nc3 27. Bf3 Bxc2 28. Rxe8+ Rxe8 29. Rc1 Ne2+ 30. Bxe2 Rxe2 31. Nf3 Be4 32. Kg2 Bd5 33. Kg3 Kg7 34. Re1 Bxf3 0-1

[Event "Leipzig VfB op 12th"]
[Site "Leipzig"]
[Date "2005.03.04"]
[Round "6"]
[White "Gahn, Cornelia"]
[Black "Franke, Helmut"]
[Result "1/2-1/2"]
[WhiteElo "1393"]
[BlackElo "2032"]
[PlyCount "26"]
[EventDate "2005.01.03"]
[EventType "swiss"]
[EventRounds "9"]
[EventCountry "GER"]
[SourceTitle "EXT 2008"]
[Source "ChessBase"]
[SourceDate "2007.11.25"]
[SourceVersion "1"]
[SourceVersionDate "2007.11.25"]
[SourceQuality "1"]

1. e4 e6 2. d4 b5 3. Bxb5 a6 4. Bd3 Bb7 5. Nc3 Bb4 6. Nge2 f5 7. 0-0 Nf6 8. exf5 0-0 9. fxe6 Ng4 10. Nf4 Qh4 11. Nh3 Nxh2 12. Kxh2 Bd6+ 13. Kg1 Bf3 1/2-1/2

[Event "GER-chT U14 Girls"]
[Site "Dittrichshuette"]
[Date "2004.12.30"]
[Round "6.3"]
[White "Meyer, Sandra"]
[Black "Gahn, Cornelia"]
[Result "1/2-1/2"]
[WhiteElo "1424"]
[BlackElo "1288"]
[PlyCount "90"]
[EventDate "2004.12.27"]
[EventType "team"]
[EventRounds "6"]
[EventCountry "GER"]
[SourceTitle "EXT 2006"]
[Source "ChessBase"]
[SourceDate "2005.11.24"]
[SourceVersion "1"]
[SourceVersionDate "2005.11.24"]
[SourceQuality "1"]

1. e4 d5 2. exd5 Qxd5 3. Nc3 Qa5 4. d4 c6 5. Bc4 Bf5 6. Nf3 Nf6 7. Qe2 e6 8. 0-0 Bd6 9. h3 Nbd7 10. Nh4 0-0-0 11. Nxf5 Qxf5 12. Bd3 Qh5 13. Re1 Bb4 14. Bd2 Qxe2 15. Rxe2 Nb6 16. Be3 Bxc3 17. bxc3 Na4 18. Bd2 Nd5 19. c4 Ndc3 20. Bxc3 Nxc3 21. Re3 Rxd4 22. Rf3 Rd7 23. Bxh7 Ne2+ 24. Kf1 Nd4 25. Rd3 Nxc2 26. Rad1 Rxd3 27. Bxd3 Nb4 28. Bb1 Rh4 29. Rc1 Rd4 30. Ke2 Kc7 31. Ke3 Rd7 32. a3 Na6 33. Bc2 Nc5 34. f3 Kb6 35. Rb1+ Ka5 36. Rb4 Na6 37. Rb3 Nc5 38. Rb4 b5 39. cxb5 cxb5 40. Rf4 Kb6 41. Rb4 a5 42. Rb1 Na6 43. Ba4 Rd5 44. Bb3 Rd6 45. Bc4 Nc7 1/2-1/2

[Event "GER-chT U14 Girls"]
[Site "Dittrichshuette"]
[Date "2004.12.27"]
[Round "2.3"]
[White "Gahn, Cornelia"]
[Black "Mueller, Johanna"]
[Result "1-0"]
[WhiteElo "1288"]
[BlackElo "967"]
[PlyCount "119"]
[EventDate "2004.12.27"]
[EventType "team"]
[EventRounds "6"]
[EventCountry "GER"]
[SourceTitle "EXT 2006"]
[Source "ChessBase"]
[SourceDate "2005.11.24"]
[SourceVersion "1"]
[SourceVersionDate "2005.11.24"]
[SourceQuality "1"]

1. e4 e5 2. d4 exd4 3. Qxd4 Nc6 4. Qa4 d6 5. c3 Bd7 6. Be3 Nf6 7. Nd2 Be7 8. Ngf3 0-0 9. Be2 Ng4 10. Bd4 Nge5 11. Qc2 Bf6 12. 0-0 Bg4 13. Rfe1 Bg5 14. h3 Bxd2 15. Nxd2 Be6 16. f4 Nxd4 17. cxd4 Nc6 18. Nf3 d5 19. f5 dxe4 20. fxe6 exf3 21. exf7+ Rxf7 22. Bc4 Qxd4+ 23. Kh2 fxg2 24. Bxf7+ Kxf7 25. Qxg2 Rd8 26. Qc2 Qf4+ 27. Kh1 Qf3+ 28. Kg1 Qg3+ 29. Qg2 Qxg2+ 30. Kxg2 Rd2+ 31. Kh1 g5 32. b3 Nd4 33. Rac1 c6 34. Rf1+ Kg6 35. Rcd1 Rxd1 36. Rxd1 Nb5 37. Rd7 b6 38. a4 Nc3 39. Rd6+ Kf5 40. Rxc6 Ne2 41. Rc7 h5 42. Rxa7 g4 43. hxg4+ hxg4 44. Rb7 Kf4 45. Rxb6 Kf3 46. Rg6 Nd4 47. a5 g3 48. a6 Ne2 49. a7 g2+ 50. Rxg2 Ng3+ 51. Rxg3+ Kxg3 52. a8Q Kg4 53. Qf8 Kg5 54. b4 Kg4 55. b5 Kg3 56. b6 Kg4 57. b7 Kg3 58. b8Q+ Kg4 59. Qbf4+ Kh3 60. Q8h6# 1-0

[Event "Leipzig VfB op 11th"]
[Site "Leipzig"]
[Date "2004.03.16"]
[Round "1"]
[White "Rohne, Lars"]
[Black "Gahn, Cornelia"]
[Result "1-0"]
[WhiteElo "1931"]
[BlackElo "1209"]
[PlyCount "87"]
[EventDate "2004.03.16"]
[EventType "swiss"]
[EventRounds "9"]
[EventCountry "GER"]
[SourceTitle "EXT 2007"]
[Source "ChessBase"]
[SourceDate "2006.11.23"]
[SourceVersion "1"]
[SourceVersionDate "2006.11.23"]
[SourceQuality "1"]

1. e4 c6 2. d4 d5 3. e5 Bf5 4. Nc3 e6 5. g4 Bg6 6. Nge2 h6 7. Nf4 Bh7 8. Bd3 Bxd3 9. Qxd3 Nd7 10. h4 c5 11. Be3 c4 12. Qe2 Bb4 13. Bd2 Ne7 14. Nd1 Bxd2+ 15. Qxd2 Nc6 16. Ne3 Qb6 17. c3 0-0-0 18. h5 Rde8 19. Qc2 f6 20. exf6 Nxf6 21. 0-0-0 Rhf8 22. Ng6 Rf7 23. f4 Ne4 24. Nxc4 Qa6 25. Na3 Ne7 26. Nxe7+ Rexe7 27. Rhf1 Kb8 28. Qd3 Qxd3 29. Rxd3 Rf8 30. Rdf3 Ref7 31. f5 Ng5 32. R3f2 Nh3 33. Re2 exf5 34. Nb5 b6 35. Nd6 Rf6 36. Nxf5 Ng5 37. Re5 g6 38. hxg6 Rxg6 39. Rh1 Nf3 40. Re3 Ng5 41. Rxh6 Rxh6 42. Nxh6 Rf1+ 43. Kc2 Rg1 44. Re5 1-0

[Event "GER-chT U14 Girls"]
[Site "Greifswald"]
[Date "2003.12.28"]
[Round "4.2"]
[White "Gahn, Cornelia"]
[Black "Wolf, Carolin"]
[Result "1/2-1/2"]
[WhiteElo "1275"]
[BlackElo "1221"]
[PlyCount "48"]
[EventDate "2003.12.27"]
[EventType "team-swiss"]
[EventRounds "7"]
[EventCountry "GER"]
[SourceTitle "EXT 2022"]
[Source "ChessBase"]
[SourceDate "2021.10.06"]
[SourceVersion "1"]
[SourceVersionDate "2021.10.06"]
[SourceQuality "1"]
[WhiteTeam "Delitzsch ESV U14 Girls"]
[BlackTeam "Ruedersdorf Glueckauf U14 Girls"]
[WhiteTeamCountry "GER"]
[BlackTeamCountry "GER"]

1. e4 d5 2. exd5 Nf6 3. c4 c6 4. dxc6 Nxc6 5. Nc3 Bf5 6. Nf3 e5 7. d3 Bb4 8. Qe2 0-0 9. Be3 Qa5 10. Qc2 Rad8 11. Nh4 Nd4 12. Qd2 Bc8 13. Be2 Nxe2 14. Kxe2 e4 15. d4 Qh5+ 16. Nf3 exf3+ 17. gxf3 Rfe8 18. a3 Bxc3 19. Qxc3 b6 20. Rag1 Ba6 21. Kd2 Qxf3 22. Qc2 Bxc4 23. Bh6 Qxf2+ 24. Kc1 Be6 1/2-1/2

[Event "Leipzig VfB op 10th"]
[Site "Leipzig"]
[Date "2003.03.16"]
[Round "9"]
[White "Gahn, Cornelia"]
[Black "Huelsz, Rainer"]
[Result "1/2-1/2"]
[WhiteElo "1246"]
[BlackElo "1600"]
[PlyCount "151"]
[EventDate "2003.03.11"]
[EventType "swiss"]
[EventRounds "9"]
[EventCountry "GER"]
[SourceTitle "EXT 2008"]
[Source "ChessBase"]
[SourceDate "2007.11.25"]
[SourceVersion "1"]
[SourceVersionDate "2007.11.25"]
[SourceQuality "1"]

1. e4 e5 2. Nf3 Nc6 3. d4 exd4 4. Nxd4 Nxd4 5. Qxd4 d6 6. Nc3 Nf6 7. Bg5 Be7 8. Bc4 h6 9. Bh4 Be6 10. 0-0-0 Bxc4 11. Qxc4 Ng4 12. Bxe7 Qxe7 13. Qd4 0-0 14. f3 Ne5 15. Nd5 Qd8 16. Kb1 Nc6 17. Qc3 Re8 18. Nf4 Re7 19. Nh5 Qf8 20. Rhg1 Re5 21. g4 Rc5 22. Qb3 b6 23. h4 Na5 24. Qd3 Nc6 25. Qe3 Re8 26. g5 hxg5 27. hxg5 Re6 28. Nf6+ Rxf6 29. gxf6 g6 30. Rg2 Rh5 31. a3 Nb8 32. f4 Qh6 33. Re2 Nd7 34. Qg3 Nxf6 35. Rg1 Rh3 36. Qg5 Qxg5 37. fxg5 Nh5 38. Rg4 Ng7 39. e5 Rh1+ 40. Ka2 Rd1 41. exd6 Rxd6 42. Re7 Ne6 43. Rc4 Kf8 44. Rcxc7 Nxc7 45. Rxc7 a5 46. a4 f5 47. gxf6 Rxf6 48. c3 g5 49. b4 g4 50. bxa5 Rf2+ 51. Kb3 bxa5 52. Rd7 g3 53. Rd1 g2 54. Rg1 Ke7 55. Kc4 Rb2 56. Kd5 Kd7 57. Kc5 Kc7 58. Kc4 Kc6 59. Kd4 Ra2 60. c4 Kd6 61. Kc3 Kc5 62. Kb3 Rf2 63. Kc3 Rf3+ 64. Kb2 Rg3 65. Ka2 Kxc4 66. Kb2 Kb4 67. Kb1 Kxa4 68. Kb2 Kb4 69. Ka1 a4 70. Kb1 Kb3 71. Ka1 a3 72. Kb1 a2+ 73. Ka1 Rg4 74. Rxg2 Rc4 75. Rb2+ Ka3 76. Rxa2+ 1/2-1/2

[Event "Leipzig VfB op 10th"]
[Site "Leipzig"]
[Date "2003.03.13"]
[Round "4"]
[White "Lehmann, Lothar"]
[Black "Gahn, Cornelia"]
[Result "1-0"]
[WhiteElo "1797"]
[BlackElo "1246"]
[PlyCount "47"]
[EventDate "2003.03.11"]
[EventType "swiss"]
[EventRounds "9"]
[EventCountry "GER"]
[SourceTitle "EXT 2008"]
[Source "ChessBase"]
[SourceDate "2007.11.25"]
[SourceVersion "1"]
[SourceVersionDate "2007.11.25"]
[SourceQuality "1"]

1. e4 e5 2. Nf3 Nc6 3. Bb5 a6 4. Ba4 Nf6 5. 0-0 Bc5 6. Nxe5 Nxe4 7. Qe2 Nxe5 8. Qxe4 Qf6 9. d4 Bxd4 10. Nd2 Bc5 11. Nf3 Bd6 12. Bf4 Qg6 13. Qxg6 Nxg6 14. Bxd6 cxd6 15. Rfe1+ Kf8 16. Rad1 b5 17. Bb3 Bb7 18. Rxd6 Bxf3 19. gxf3 Ra7 20. a4 Nh4 21. Bd5 b4 22. Rb6 g6 23. Rxb4 Kg7 24. Rxh4 1-0

[Event "Leipzig VfB op 10th"]
[Site "Leipzig"]
[Date "2003.03.12"]
[Round "2"]
[White "Zaerban, Jan Christopher"]
[Black "Gahn, Cornelia"]
[Result "0-1"]
[WhiteElo "2099"]
[BlackElo "1246"]
[PlyCount "54"]
[EventDate "2003.03.11"]
[EventType "swiss"]
[EventRounds "9"]
[EventCountry "GER"]
[SourceTitle "EXT 2008"]
[Source "ChessBase"]
[SourceDate "2007.11.25"]
[SourceVersion "1"]
[SourceVersionDate "2007.11.25"]
[SourceQuality "1"]

1. Nf3 Nc6 2. c4 Nf6 3. Nc3 e5 4. g3 d5 5. cxd5 Nxd5 6. Bg2 Be6 7. 0-0 Bc5 8. d3 0-0 9. Ng5 Nxc3 10. bxc3 Bd7 11. Rb1 Bb6 12. Qb3 Qe7 13. Ne4 h6 14. Ba3 Qe6 15. Bxf8 Rxf8 16. Qxe6 Bxe6 17. c4 Rb8 18. Nc3 Bd7 19. Na4 Nd4 20. e3 Ne2+ 21. Kh1 Bxa4 22. Rb4 Nc3 23. Rc1 Nxa2 24. Rxa4 Nxc1 25. Ra3 Rd8 26. Be4 Bc5 27. Rc3 Na2 0-1